000 00364nam a2200121Ia 4500
008 220204s9999 xx 000 0 und d
082 _a620.91
_bWIL
100 _aWilson, Carroll L
245 0 _aEnergy: Global prospects 1985-2000: Report of the workshop on alternative energy strategies
260 _aNew York
_bMcGraw Hill
_c1977
650 _aEnergy
942 _cBK
999 _c25706
_d25706